000
00340nam a22001457a 4500
003
MPLRDC
005
20220104145635.0
008
210129b ||||| |||| 00| 0 eng d
082
_a
833.5 HYY
100
_a
胡云翼选辑
245
_a
词选
_c
260
_a
_b
香港文渊书店
_c
1958
650
_a
词总集
942
_c
BK
_o
833.5 HYY
999
_c
51431
_d
51421